000 00788am a2200277a 44500
003 AR-BaBNM
005 20251128203320.0
008 077019s1973 #AR|||||||||||000 | esp||
040 _cAR-BaBNM
100 1 _aRamos, Jorge Abelardo
245 1 0 _aRevolución y contrarrevolución en la Argentina
_n4
250 _a5ª ed.
260 _aBuenos Aires
_bPlus Ultra
_c1973
300 _a268 p.
490 0 _aEsquemas históricos
600 1 4 _aYrigoyen, Hipólito
_d1928-1930
600 1 4 _aCastillo, Ramón
_d1940-1943
650 4 _aPRESIDENCIAS ARGENTINAS
650 4 _aREVOLUCION DE 1943
650 4 _aHISTORIA POLITICA
650 4 _aHISTORIA SOCIAL
650 4 _aHISTORIA POLITICA ARGENTINA
800 1 _aAlonso Piñeiro, Armando
_edirector
942 _cBK
998 _cmariana
999 _c2861
_d2861